LEADER 01212nam--2200397---450- 001 990003000480203316 005 20071026105443.0 010 $a978-88-387-3910-2 035 $a000300048 035 $aUSA01000300048 035 $a(ALEPH)000300048USA01 035 $a000300048 100 $a20071026d2007----km-y0itay50------ba 101 $aita 102 $aIT 105 $a||||||||001yy 200 1 $aPavimentazioni interne ed esterne$emateriali, tecniche applicative, realizzazioni$fFrancesca Patti 210 $aRimini$cMaggioli$dcopyr. 2007 215 $a206 p.$cill.$d24 cm 225 2 $aProgettazione: tecniche & materiali$v137 410 0$aProgettazione: tecniche & materiali$12001$v137 454 1$12001 461 1$1001-------$12001 606 0 $aPavimenti 676 $a698.9 700 1$aPATTI,$bFrancesca$0339477 801 0$aIT$bsalbc$gISBD 912 $a990003000480203316 951 $a698.9 PAT$b57224 G.$c698.9$d00063882 959 $aBK 969 $aTEC 979 $aPAOLA$b90$c20071026$lUSA01$h1048 979 $aPAOLA$b90$c20071026$lUSA01$h1054 979 $aCHIARA$b90$c20111116$lUSA01$h1448 996 $aPavimentazioni interne ed esterne$91023926 997 $aUNISA LEADER 02725nam 22005173u 450 001 9910465000503321 005 20210113173911.0 010 $a1-283-60461-2 010 $a9786613917065 010 $a1-134-70704-5 035 $a(CKB)2560000000092981 035 $a(EBL)237301 035 $a(OCoLC)133817783 035 $a(MiAaPQ)EBC237301 035 $a(EXLCZ)992560000000092981 100 $a20130418d2012|||| u|| | 101 0 $aeng 200 10$aYoung People's Involvement in Sport$b[electronic resource] 210 $aHoboken $cTaylor and Francis$d2012 215 $a1 online resource (293 p.) 225 1 $aAdolescence and Society 300 $aDescription based upon print version of record. 311 $a0-415-16649-7 327 $aCover; Young people's involvement in sport; Copyright; Contents; List of figures; List of tables; List of contributors; Preface; 1 Introduction; 2 Gender issues in sport participation; 3 Individual differences and intrinsic motivations for sport participation; 4 Predictors, patterns and policies for post-school participation; 5 Age and sport participation; 6 Sport and community background; 7 Time for sport? Activity diaries of young people; 8 Focus group interviews with e?lite young athletes, coaches and parents; 9 Modelling participation motivation in sport 327 $a10 International perspectives on public policy and the development of sport for young people 11 Technical report; Appendix: SCNI survey; Index 330 $aBased on survey data derived from face-to-face interviews with 2,400 schoolchildren, 600 four-day diaries and focus groups with both elite performers, coaches and parents, the book offers a comprehensive overview of young people's involvement in sport and physical activity in the 1990's. Deliberately set in the context of the literature on sport involvement and participation motivation, and alongside wider policy concerns, individual contributors each have accessed the data in order to address a particular substantive topic. Given the almost complete absence of hard data currently available 410 0$aAdolescence and Society 606 $aRecreational surveys 606 $aSports 606 $aSports for children 608 $aElectronic books. 615 4$aRecreational surveys. 615 4$aSports. 615 4$aSports for children. 676 $a796.083 676 $a796/.083/09416 700 $aKremer$b John$0865423 701 $aOgle$b Shaun$0865424 701 $aTrew$b Karen$0865425 801 0$bAU-PeEL 801 1$bAU-PeEL 801 2$bAU-PeEL 906 $aBOOK 912 $a9910465000503321 996 $aYoung People's Involvement in Sport$91931526 997 $aUNINA LEADER 02690nam 2200469 450 001 9910830601103321 005 20230809233541.0 010 $a1-118-96108-0 010 $a1-118-96107-2 010 $a1-118-96106-4 035 $a(CKB)4330000000007705 035 $a(MiAaPQ)EBC4770923 035 $a(EXLCZ)994330000000007705 100 $a20170104h20172017 uy 0 101 0 $aeng 135 $aurcnu|||||||| 181 $2rdacontent 182 $2rdamedia 183 $2rdacarrier 200 10$aMindfulness $ea kindly approach to being with cancer /$fTrish Bartley 210 1$aChichester, West Sussex, England :$cWiley Blackwell,$d2017. 210 4$dİ2017 215 $a1 online resource (298 pages) $cillustrations 311 $a1-118-92628-5 311 $a1-118-92627-7 320 $aIncludes bibliographical references and index. 330 $a"Mindfulness: A Kindly Approach to Being with Cancer offers people with cancer a means to bring mindfulness and kindliness into their lives, to help them cope with the challenge of a life-threatening illness. Adapts Mindfulness-Based Cognitive Therapy (MBCT), an approach with a strong evidence base for people with recurrent depression, for the needs and challenges of people with cancer Presents the standard 8-week course of MBCT for cancer in a flexible format that is designed to suit each readers own particular timescale, context and situation Based on more than 15 years of program development and clinical application by the author, and the work and experience of mindfulness teachers in other cancer centres around the world. Provides specific practices and approaches tailored to support the different phases of a cancer experience from diagnosis and treatment to living with uncertainty and managing life with cancer Features five extended stories from people personally affected by cancer who have used mindfulness-based practices to support them in their own experience of illness, life and treatment"--$cProvided by publisher. 330 $a"Provides specific practices and approaches tailored to support different phases of the cancer experience -- from diagnosis and treatment to living with uncertainty and managing life with cancer"--$cProvided by publisher. 606 $aCancer$xPsychological aspects 606 $aCognitive therapy 615 0$aCancer$xPsychological aspects. 615 0$aCognitive therapy. 676 $a616.9940651 686 $aMED058160$2bisacsh 700 $aBartley$b Trish$01622640 801 0$bMiAaPQ 801 1$bMiAaPQ 801 2$bMiAaPQ 906 $aBOOK 912 $a9910830601103321 996 $aMindfulness$94067206 997 $aUNINA